<?xml version="1.0" encoding="UTF-8"?>
<collection xmlns="http://www.loc.gov/MARC21/slim">
 <record>
  <leader>02171cam a2200433  a4500</leader>
  <controlfield tag="001">1162729929</controlfield>
  <controlfield tag="003">DE-627</controlfield>
  <controlfield tag="005">20221023192702.0</controlfield>
  <controlfield tag="007">tu</controlfield>
  <controlfield tag="008">010712m20022002xx |||||      00| ||ger c</controlfield>
  <datafield tag="020" ind1=" " ind2=" ">
   <subfield code="a">3775709363</subfield>
   <subfield code="9">3-7757-0936-3</subfield>
  </datafield>
  <datafield tag="035" ind1=" " ind2=" ">
   <subfield code="a">(DE-627)1162729929</subfield>
  </datafield>
  <datafield tag="035" ind1=" " ind2=" ">
   <subfield code="a">(DE-576)092729924</subfield>
  </datafield>
  <datafield tag="035" ind1=" " ind2=" ">
   <subfield code="a">(DE-599)BSZ092729924</subfield>
  </datafield>
  <datafield tag="040" ind1=" " ind2=" ">
   <subfield code="a">DE-627</subfield>
   <subfield code="b">ger</subfield>
   <subfield code="c">DE-627</subfield>
   <subfield code="e">rakwb</subfield>
  </datafield>
  <datafield tag="041" ind1=" " ind2=" ">
   <subfield code="a">ger</subfield>
  </datafield>
  <datafield tag="084" ind1=" " ind2=" ">
   <subfield code="a">9,10</subfield>
   <subfield code="2">ssgn</subfield>
  </datafield>
  <datafield tag="084" ind1=" " ind2=" ">
   <subfield code="a">LI 14100</subfield>
   <subfield code="2">rvk</subfield>
   <subfield code="0">(DE-625)rvk/95554:</subfield>
  </datafield>
  <datafield tag="245" ind1="1" ind2="0">
   <subfield code="a">Willi Baumeister, Werkkatalog der Gemälde</subfield>
   <subfield code="c">[hrsg. vom Archiv Baumeister]. Peter Beye; Felicitas Baumeister</subfield>
  </datafield>
  <datafield tag="264" ind1=" " ind2="1">
   <subfield code="a">Ostfildern-Ruit</subfield>
   <subfield code="b">Hatje Cantz</subfield>
   <subfield code="c">2002-2002</subfield>
  </datafield>
  <datafield tag="336" ind1=" " ind2=" ">
   <subfield code="a">Text</subfield>
   <subfield code="b">txt</subfield>
   <subfield code="2">rdacontent</subfield>
  </datafield>
  <datafield tag="337" ind1=" " ind2=" ">
   <subfield code="a">ohne Hilfsmittel zu benutzen</subfield>
   <subfield code="b">n</subfield>
   <subfield code="2">rdamedia</subfield>
  </datafield>
  <datafield tag="338" ind1=" " ind2=" ">
   <subfield code="a">Band</subfield>
   <subfield code="b">nc</subfield>
   <subfield code="2">rdacarrier</subfield>
  </datafield>
  <datafield tag="583" ind1="1" ind2=" ">
   <subfield code="a">Archivierung/Langzeitarchivierung gewährleistet</subfield>
   <subfield code="f">PEBW</subfield>
   <subfield code="2">pdager</subfield>
   <subfield code="5">DE-24</subfield>
  </datafield>
  <datafield tag="655" ind1=" " ind2="7">
   <subfield code="a">Werkverzeichnis</subfield>
   <subfield code="0">(DE-588)4189680-4</subfield>
   <subfield code="0">(DE-627)104464909</subfield>
   <subfield code="0">(DE-576)210061456</subfield>
   <subfield code="2">gnd-content</subfield>
  </datafield>
  <datafield tag="689" ind1="0" ind2="0">
   <subfield code="d">p</subfield>
   <subfield code="0">(DE-588)118507559</subfield>
   <subfield code="0">(DE-627)22446051X</subfield>
   <subfield code="0">(DE-576)208858180</subfield>
   <subfield code="a">Baumeister, Willi</subfield>
   <subfield code="d">1889-1955</subfield>
   <subfield code="2">gnd</subfield>
  </datafield>
  <datafield tag="689" ind1="0" ind2="1">
   <subfield code="d">s</subfield>
   <subfield code="0">(DE-588)4037220-0</subfield>
   <subfield code="0">(DE-627)10623871X</subfield>
   <subfield code="0">(DE-576)209022892</subfield>
   <subfield code="a">Malerei</subfield>
   <subfield code="2">gnd</subfield>
  </datafield>
  <datafield tag="689" ind1="0" ind2=" ">
   <subfield code="5">(DE-627)</subfield>
  </datafield>
  <datafield tag="700" ind1="1" ind2=" ">
   <subfield code="a">Beye, Peter</subfield>
   <subfield code="d">1932-</subfield>
   <subfield code="0">(DE-588)1012409422</subfield>
   <subfield code="0">(DE-627)699696232</subfield>
   <subfield code="0">(DE-576)160281857</subfield>
   <subfield code="4">oth</subfield>
  </datafield>
  <datafield tag="700" ind1="1" ind2=" ">
   <subfield code="a">Baumeister, Willi</subfield>
   <subfield code="d">1889-1955</subfield>
   <subfield code="e">Ill.</subfield>
   <subfield code="0">(DE-588)118507559</subfield>
   <subfield code="0">(DE-627)22446051X</subfield>
   <subfield code="0">(DE-576)208858180</subfield>
   <subfield code="4">ill</subfield>
  </datafield>
  <datafield tag="700" ind1="1" ind2=" ">
   <subfield code="a">Baumeister, Felicitas</subfield>
   <subfield code="d">1933-</subfield>
   <subfield code="0">(DE-588)1045090859</subfield>
   <subfield code="0">(DE-627)773799656</subfield>
   <subfield code="0">(DE-576)18190165X</subfield>
   <subfield code="4">oth</subfield>
  </datafield>
  <datafield tag="710" ind1="2" ind2=" ">
   <subfield code="a">Willi-Baumeister-Archiv</subfield>
   <subfield code="g">Stuttgart</subfield>
   <subfield code="0">(DE-588)10046484-1</subfield>
   <subfield code="0">(DE-627)713910747</subfield>
   <subfield code="0">(DE-576)199303827</subfield>
   <subfield code="4">oth</subfield>
  </datafield>
  <datafield tag="787" ind1="0" ind2="8">
   <subfield code="i">Rezensiert in</subfield>
   <subfield code="a">Assmann, Nicola, 1962 - </subfield>
   <subfield code="t">[Rezension von: Beye, Peter, Willi Baumeister, Werkkatalog der Gemälde]</subfield>
   <subfield code="d">Regensburg : Schnell und Steiner, 2003</subfield>
   <subfield code="w">(DE-627)1553283554</subfield>
   <subfield code="w">(DE-576)48328355X</subfield>
  </datafield>
  <datafield tag="936" ind1="r" ind2="v">
   <subfield code="a">LI 14100</subfield>
   <subfield code="b">Baumeister, Willi</subfield>
   <subfield code="k">Künstler-Monografien</subfield>
   <subfield code="k">Alphabetische Künstlerliste</subfield>
   <subfield code="k">Künstler B</subfield>
   <subfield code="k">Baumeister, Willi</subfield>
   <subfield code="0">(DE-627)1270642545</subfield>
   <subfield code="0">(DE-625)rvk/95554:</subfield>
   <subfield code="0">(DE-576)200642545</subfield>
  </datafield>
  <datafield tag="951" ind1=" " ind2=" ">
   <subfield code="a">MC</subfield>
  </datafield>
  <datafield tag="990" ind1=" " ind2=" ">
   <subfield code="a">Baumeister, Willi</subfield>
  </datafield>
  <datafield tag="990" ind1=" " ind2=" ">
   <subfield code="a">Malerei</subfield>
  </datafield>
  <datafield tag="991" ind1=" " ind2=" ">
   <subfield code="a">Rezensiertes Werk</subfield>
  </datafield>
  <datafield tag="999" ind1=" " ind2=" ">
   <subfield code="a">KXP-PPN1162729929</subfield>
   <subfield code="e">4098439182</subfield>
  </datafield>
 </record>
</collection>
